000 00549cam a22002291 4500
001 sa 64003731
003 DLC
005 20260227112019.0
008 940517s1952 ii 000 0 beno
010 _asa 64003731
025 _aPL480:EP-B-266
035 _a(OCoLC)30451206
040 _aDLC
_cCU
_dCU
_dDLC
042 _apremarc
050 0 0 _aPK1718.K483
_bN3
100 1 _aKhan, Abdur Rashid,
_d1927-
245 1 0 _aNakshatra, mānusha, mana.
260 _c[1952]
300 _a58 p.
_c22 cm.
500 _aIn Bengali.
500 _aPoems.
999 _c58097
_d58097